01118cam a22002895a 45000010009000000050017000090080041000260200018000670400033000850820023001181000032001412450076001732500012002492600040002613000036003014900031003375000024003685040041003926500069004336500046005026500058005486510010006066530026006169420008006429990017006509520161006671764892620160907131923.0130305t2013 enka frb 001 0 eng d a9781447149897 aDLCcDLCdDLCdEG-ScBUEbeng04222a174.90904bKIZ1 aKizza, Joseph Migga.94105810aEthical and social issues in the information age /cJoseph Migga Kizza. a5th ed. aLondon :bSpringer-Verlag,cc.2013. axviii, 372 p. :bill. ;c24 cm.0 aTexts in computer science. aIndex : p. 365-372. aIncludes bibliographical references. 72BUEsh935753aInformation technologyxMoral and ethical aspects. 7934985aComputers and civilization.2BUEsh 7937778aInformation technologyxSocial aspects.2BUEsh 2BUEsh bCOMSCIcSeptember2016 2ddc c22324d22296 00102ddc40708BaccahaMAINbMAINcLOWd2016-09-07ePurchaseg449.90h2000088l1m1o174.90904 KIZp000033568r2025-07-15 00:00:00s2022-01-09v562.38yBB